| 000 | 00629cam a22002291 4500 | ||
|---|---|---|---|
| 001 | he 67000985 | ||
| 003 | DLC | ||
| 005 | 20260227111447.0 | ||
| 008 | 830616s1881 li 000 0 heb | ||
| 010 | _ahe 67000985 | ||
| 035 | _a(OCoLC)19152674 | ||
| 040 |
_aDLC _cMH _dDLC |
||
| 042 | _apremarc | ||
| 050 | 0 | 0 |
_aBM522.23 _b.S45 1881 |
| 100 | 0 |
_aAsher ben Jehiel, _dapproximately 1250-1327. |
|
| 245 | 1 | 0 | _aSheʼelot u-teshuvot. |
| 250 | _aYotse la-or paʻam ḥamishit. | ||
| 260 |
_aVilna : _bY.L. Mets, _c641 [1881] |
||
| 300 |
_axii, 208 p. ; _c36 cm. |
||
| 650 | 0 |
_aResponsa _y1040-1600. |
|
| 752 |
_aLithuania _dVilna |
||
| 999 |
_c32387 _d32387 |
||